000 00436nam a2200169Ia 4500
008 230917s9999||||xx |||||||||||||| ||und||
020 _cRS110
040 _e224132
_aMAIN
041 _aEnglish
082 _a005.1 S23S
100 _aSharma, S K
245 0 _aSoftware engineering
260 _aNew Delhi
_bVayu Education of India
_c2011
300 _av. p.
500 _a1935 05/02/2015 JBC2108 14/03/2015 Main Budget
942 _cBK
999 _c14505
_d14505